Conclusión del diseno físico y construcción de la CPUCR
Sparad:
| Huvudupphovsman: | |
|---|---|
| Materialtyp: | Bok |
| Publicerad: |
San José, Costa Rica
1993
|
| Ämnen: | |
| Taggar: |
Lägg till en tagg
Inga taggar, Lägg till första taggen!
|
MARC
| LEADER | 00000nam a2200000Ia 4500 | ||
|---|---|---|---|
| 003 | 005578 | ||
| 005 | 20221231144318.0 | ||
| 008 | 140114s1993 cr a m 000 ||s d | ||
| 040 | |c cru CEDI | ||
| 090 | |a TFG 2685 | ||
| 100 | |a Acuña Acosta, Enrique Martín |9 12182 | ||
| 245 | |a Conclusión del diseno físico y construcción de la CPUCR | ||
| 260 | |c 1993 |a San José, Costa Rica | ||
| 300 | |a xii, [303] hojas : ilustraciones (algunas plegables) ; 29 cm. | ||
| 500 | |a Proyecto de graduación (licenciatura en ingeniería eléctrica)--Universidad de Costa Rica. Facultad de Ingeniería. Escuela de Ingeniería Eléctrica | ||
| 650 | |x PROGRAMACION (COMPUTADORAS ELECTRONICAS DIGITALES) |x MICROCOMPUTADORAS |9 12183 | ||
| 942 | |c TFG |2 ddc | ||
| 999 | |c 19980 |d 19980 | ||
